00735nam a2200229Ia 450000500170000000800410001702000180005804000180007604100080009408200220010210000240012424501030014825000120025126000490026330000120031265000520032465000270037665000350040365000230043870000220046170000220048320220916110315.0210716s2010 xx 000 0 und d a9788177588989 cAIMIT LIBRARY aeng a621.367 21bGONR aGonzalez, Rafael C. aDigital image processing using matlab /cBy Rafael C Gonzalez, Richard E Woods and Steven L Eddins a1st ed. aNew Delhi :bPearson Education. Inc ,c2010. a620p. ; aIntensity transformations and spatial filtering aColor image processing aRepresentation and description aObject recognition aWoods, Richard E. aEddins, Steven L.